00724nam a2200193Ia 4500001000700000008004100007020002200048082001600070245013000086260003800216300001100254503001400265504002700279650006100306650004900367650003500416650003900451700004000490Z_6287220601s9999 xx 000 0 und d a978-968-02-0381-9 a338.16 I56 aInnovación tecnológica y desarrollo rural con pequeños agricultores / coordinadores Bernardino Mata García ...[et al] a: Universidad Autónoma Chapingo a315 p. aej.1: s/n aIncluye bibliogtafía a1. Agricultura - Innovaciones tecnológicas - México  aDesarrollo de la comunidad rural - México  aRecursos naturales - México  aGanadería sustentable - México aMata García, Bernardino, coor.Ì